| 000 | 00618nam a2200193 i 4500 | ||
|---|---|---|---|
| 001 | 58727 | ||
| 003 | ES-MaACL | ||
| 005 | 20240518063030.0 | ||
| 007 | t| | ||
| 008 | 031023s1905 sp ||||1| spa d | ||
| 100 | 1 |
_aQueirós, Eça de, _d1845-1900 _994499 |
|
| 245 | 1 | 3 |
_aLa ilustre casa de Ramires / _cJosé María Eça de Queiroz ; versión castellana de Pedro González Blanco. |
| 250 | _a4ª ed. | ||
| 260 |
_aMadrid : _b[s.n.], _c1905 ( _fRivadeneyra) |
||
| 300 |
_a412 p. ; _c19 cm. |
||
| 700 | 1 |
_aGonzález-Blanco, Pedro, _d1879-1961 _958466 |
|
| 852 |
_aES-MaACL _jB-6112 |
||
| 999 |
_c58727 _d58727 |
||